Operační systém UNIX a jazyk C /

Guardado en:
Detalles Bibliográficos
Autores principales: Brodský, Jan (Autor), Skočovský, Luděk (Autor)
Formato: Libro
Lenguaje:checo
Publicado: Praha : SNTL, 1989
Etiquetas: Agregar Etiqueta
Sin Etiquetas, Sea el primero en etiquetar este registro!

MARC

LEADER 00000nam a22000003a 4500
001 stu28281
005 20150617225741.4
008 950303s1989----xr------------------cze-d
040 |a STU  |b slo 
041 0 |a cze 
044 |a xr 
080 |a 519.68 
100 1 |a Brodský, Jan  |4 aut 
245 1 |a Operační systém UNIX a jazyk C /  |c [aut]Brodský,Jan;Skočovský,Luděk 
260 |a Praha :  |b SNTL,  |c 1989 
300 |a 367 s 
700 1 |a Skočovský, Luděk  |4 aut 
996 |c V*38510/O-16163d  |l VV3  |s P  |a 0  |w stu28281_0005 
996 |c V*38511/O-16163e  |l VV3  |s P  |a 0  |w stu28281_0006